The Mummy (Record no. 16127)

MARC details
000 -LEADER
fixed length control field 02342nam a22004217a 4500
003 - CONTROL NUMBER IDENTIFIER
control field dpl
005 - DATE AND TIME OF LATEST TRANSACTION
control field 2008090303483.0
007 - PHYSICAL DESCRIPTION FIXED FIELD--GENERAL INFORMATION
fixed length control field DVD
008 - FIXED-LENGTH DATA ELEMENTS--GENERAL INFORMATION
fixed length control field 050907s2005 cau105 g 00| 0 eng d
010 ## - LIBRARY OF CONGRESS CONTROL NUMBER
LC control number DVD-000820-822 & DVD-005756
024 ## - OTHER STANDARD IDENTIFIER
Standard number or code 4.02.4.02.067.08
Terms of availability 499.00
035 ## - SYSTEM CONTROL NUMBER
System control number DVD-000820-822
035 ## - SYSTEM CONTROL NUMBER
System control number DVD-005756
040 ## - CATALOGING SOURCE
Original cataloging agency DPL
Transcribing agency DPL
092 ## - LOCALLY ASSIGNED DEWEY CALL NUMBER (OCLC)
Classification number DVD / MUMM
245 ## - TITLE STATEMENT
Title The Mummy
Medium [videorecording] DVD /
Statement of responsibility, etc Universal Pictures Presents
260 ## - PUBLICATION, DISTRIBUTION, ETC. (IMPRINT)
Name of publisher, distributor, etc Big Home Video
300 ## - PHYSICAL DESCRIPTION
Extent 1 videocassette
Other physical details sd., col. ;
Dimensions 4-3/4 in.
Type of unit DVD
440 ## - SERIES STATEMENT/ADDED ENTRY--TITLE
Title Big Home Video
500 ## - GENERAL NOTE
General note "Raiders of the Lost Ark Meets The Terminator"
508 ## - CREATION/PRODUCTION CREDITS NOTE
Creation/production credits note Director of photography, Oliver Wood ; art directors, Shepherd Frankel, Don Macaulay ; editor, William Hoy ; music, Miri Ben-Ari, John Ottman ; costume designer, Jose Fernandez, Wendy Partridge ; production designer, Bill Boes ; visual effects supervisors
538 ## - SYSTEM DETAILS NOTE
System details note Dolby digital 5.1, English, Russian Subtitles in English, Russian, Hindi
538 ## - SYSTEM DETAILS NOTE
System details note Aspect Ratio 2:35.1,Presentation Type: Wide Screen, Presentation Size: 16x9, Format: DVD 9 Dual Layer Single Sided Disc. Layer Transition may trigger a slight pause.
650 ## - SUBJECT ADDED ENTRY--TOPICAL TERM
Topical term or geographic name as entry element Motion Picture
700 ## - ADDED ENTRY--PERSONAL NAME
Personal name Sommers, Stephen
700 ## - ADDED ENTRY--PERSONAL NAME
Personal name Fraser, Brendan
700 ## - ADDED ENTRY--PERSONAL NAME
Personal name Weisz, Rachel
700 ## - ADDED ENTRY--PERSONAL NAME
Personal name Hannah, John
700 ## - ADDED ENTRY--PERSONAL NAME
Personal name Vosloo, Arnold
700 ## - ADDED ENTRY--PERSONAL NAME
Personal name Hyde, Jonathan
942 ## - ADDED ENTRY ELEMENTS (KOHA)
Koha item type CD-ROMs, DVDs, VHS
Source of classification or shelving scheme Dewey Decimal Classification
Classification part DVD
Call number suffix MUMM
Holdings
Withdrawn status Lost status Source of classification or shelving scheme Damaged status Not for loan Home library Current library Date acquired Source of acquisition Cost, normal purchase price Total Checkouts Full call number Barcode Date last seen Date checked out Copy number Cost, replacement price Price effective from Koha item type Total Renewals
    Dewey Decimal Classification     Central Library Central Library 01/10/2008 Purchase 499.00 42 DVD MUMM DVD-000820 09/11/2013 05/11/2013 1 499.00 01/10/2008 CD-ROMs, DVDs, VHS  
    Dewey Decimal Classification     Janak Puri Janak Puri 12/02/2010 Pioneers/948/17-11-09/325/13-10-09 /30-11-09 499.00 7 DVD MUMM DVD-005756 02/04/2013 02/04/2013 1 499.00 12/02/2010 CD-ROMs, DVDs, VHS  
    Dewey Decimal Classification     Patel Nagar Patel Nagar 01/10/2008 Purchase 499.00 31 DVD MUMM DVD-000822 12/04/2016 07/04/2016 1 499.00 01/10/2008 CD-ROMs, DVDs, VHS  
    Dewey Decimal Classification     Sarojini Nagar Sarojini Nagar 01/10/2008 Purchase 499.00 21 DVD MUMM DVD-000821 25/06/2011 11/06/2011 1 499.00 01/10/2008 CD-ROMs, DVDs, VHS 1

© Delhi Public Library
Hit Counter
free hit counter